000 00301nam a2200133Ia 4500
100 _aJames D. Foley & others
942 _cRB
654 _aComputer
245 _aComputer Graphics 2nd Edn
260 _bAddison Wesley Pub
_aNew York
_c1992
082 _a6.6
_bPAN
546 _aENGLISH
999 _c18334
_d18334